Pokémon Cities Quiz - Statistics

General Stats
  • This quiz has been taken 387 times
    350 since last reset
  • The average score is 41 of 86
Answer Stats
Region Place % Correct
Kanto Pallet Town
91%
Kanto Pewter City
88%
Kanto Viridian City
83%
Kanto Cerulean City
82%
Kanto Lavender Town
76%
Kanto Saffron City
76%
Kanto Vermilion City
75%
Kanto Celadon City
74%
Kanto Cinnabar Island
70%
Kanto Fuchsia City
68%
Johto Goldenrod City
68%
Hoenn Littleroot Town
67%
Johto New Bark Town
66%
Sinnoh Twinleaf Town
61%
Johto Violet City
60%
Johto Azalea Town
59%
Johto Blackthorn City
59%
Sinnoh Jubilife City
59%
Hoenn Mauville City
59%
Hoenn Petalburg City
59%
Hoenn Dewford Town
57%
Johto Ecruteak City
57%
Hoenn Ever Grande City
57%
Sinnoh Hearthome City
57%
Johto Olivine City
57%
Hoenn Sootopolis City
57%
Johto Cherrygrove City
56%
Hoenn Mossdeep City
56%
Sinnoh Snowpoint City
56%
Hoenn Slateport City
55%
Hoenn Rustboro City
54%
Hoenn Fortree City
53%
Hoenn Lilycove City
53%
Sinnoh Eterna City
52%
Johto Mahogany Town
52%
Sinnoh Oreburgh City
52%
Sinnoh Sandgem Town
52%
Kalos Lumiose City
51%
Hoenn Oldale Town
51%
Sinnoh Sunnyshore City
51%
Unova Castelia City
50%
Hoenn Lavaridge Town
50%
Sinnoh Pastoria City
48%
Unova Driftveil City
47%
Unova Nimbasa City
47%
Sinnoh Canalave City
46%
Sinnoh Veilstone City
46%
Sinnoh Floaroma Town
45%
Hoenn Pacifidlog Town
45%
Johto Cianwood City
44%
Hoenn Verdanturf Town
44%
Unova Striaton City
43%
Hoenn Fallarbor Town
41%
Unova Nuvema Town
41%
Sinnoh Celestic Town
39%
Unova Mistralton City
39%
Sinnoh Solaceon Town
39%
Unova Undella Town
39%
Unova Nacrene City
37%
Unova Black City
36%
Unova Virbank City
36%
Kalos Anistar City
35%
Unova Opelucid City
35%
Kalos Snowbelle City
35%
Unova Icirrus City
34%
Unova Aspertia City
33%
Unova White Forest
33%
Unova Accumula Town
32%
Kalos Coumarine City
32%
Kalos Laverre City
32%
Kalos Santalune City
32%
Kalos Vaniville Town
32%
Kalos Cyllage City
31%
Unova Humilau City
30%
Unova Lacunosa Town
30%
Kalos Shalour City
30%
Kalos Aquacorde Town
29%
Kalos Geosenge Town
29%
Unova Floccesy Town
25%
Kalos Dendemille Town
24%
Kalos Kiloude City
24%
Kalos Ambrette Town
22%
Unova Lentimas Town
22%
Unova Anville Town
21%
Kalos Camphrier Town
21%
Kalos Couriway Town
20%
No matching quizzes found
Score Distribution
Percent of People with Each Score
Percentile by Number Answered
Your Score History
You have not taken this quiz since the last reset